Amazing timber resorts by architect N Mahesh (Record no. 10720)

000 -LEADER
fixed length control field 00337 a2200121 4500
008 - FIXED-LENGTH DATA ELEMENTS--GENERAL INFORMATION
fixed length control field 220609b ||||| |||| 00| 0 eng d
020 ## - INTERNATIONAL STANDARD BOOK NUMBER
International Standard Book Number 9789351376187
082 ## - DEWEY DECIMAL CLASSIFICATION NUMBER
Classification number 721.0448
Item number SHA
100 ## - MAIN ENTRY--PERSONAL NAME
Personal name Mridula Sharma
245 ## - TITLE STATEMENT
Title Amazing timber resorts by architect N Mahesh
260 ## - PUBLICATION, DISTRIBUTION, ETC. (IMPRINT)
Name of publisher, distributor, etc College of Architecture Trivandrum
Date of publication, distribution, etc 2013
942 ## - ADDED ENTRY ELEMENTS (KOHA)
Source of classification or shelving scheme
Holdings
Withdrawn status Lost status Source of classification or shelving scheme Damaged status Koha normalized classification for sorting Not for loan Permanent location Current location Date acquired Source of acquisition Cost, normal purchase price Full call number Barcode Date last seen Cost, replacement price Price effective from Koha item type
        721_044800000000000_SHA   BMS College of Architecture, Design and Planning BMS College of Architecture, Design and Planning 2022-06-09 8 2340.00 721.0448 SHA AR-UG2789 2022-06-09 3900.00 2022-06-09 UG Books
Copyright © 2025, The Librarian, Library and Information Centre, BMSCA D&P, Bengaluru. All Rights Reserved
web counter

Powered by Koha